000 00519nam a2200193 a 4500
001 1778578638715
003 YourLibrary
005 20260512150839.0
008 260512s2009##################000#0#eng##
020 _a9780521854047
082 0 4 _a420.9
_bBAR
100 1 _aBarber, Charles,
_eauthor.
245 1 0 _aThe English Language :
260 _bCambridge University Press,
_c2009.
300 _a321 pages
650 0 _aLanguage Arts & Disciplines.
942 _cENGLISH
040 _aYourLibrary
_beng
_cYourLibrary
999 _c623149
_d623149